000 00308nam a2200121Ia 4500
008 180309s9999 xx 000 0 und d
020 _a440203899
100 _aGordon, Sol
245 _aWhen living hurts /
260 _aUSA :
_b1988
_cDell pub
300 _a159 pages
650 _aYouth -- Suicidal behavior.
999 _c356111
_d356111